El conflicto de las interpretaciones: ensayos de hermenéutica
Salvato in:
| Autore principale: | |
|---|---|
| Natura: | Libro |
| Lingua: | spagnolo |
| Pubblicazione: |
Buenos Aires
Fondo de Cultura Económica
2003
|
| Edizione: | 1a. ed |
| Serie: | Sección de Obras de Filosofía
|
| Soggetti: | |
| Tags: |
Aggiungi Tag
Nessun Tag, puoi essere il primo ad aggiungerne!!
|
MARC
| LEADER | 00000cam a2200000 a 4500 | ||
|---|---|---|---|
| 001 | UCL3327 | ||
| 003 | CL-VaPUC | ||
| 005 | 20240820103302.0 | ||
| 008 | 031121e20030000AG |||||||||||||||||spa|d | ||
| 999 | |c 306416 |d 306414 | ||
| 020 | |a 9505572859 | ||
| 040 | |c Pontificia Universidad Católica de Valparaíso | ||
| 082 | 0 | 4 | |a 121.686 RIC 2003 |2 21 |
| 100 | 0 | |a Ricoeur, Paul |e author |9 446 | |
| 245 | 1 | 3 | |a El conflicto de las interpretaciones: ensayos de hermenéutica |
| 250 | |a 1a. ed | ||
| 260 | |a Buenos Aires |b Fondo de Cultura Económica |c 2003 | ||
| 300 | |a 462 p | ||
| 490 | 0 | |a Sección de Obras de Filosofía | |
| 583 | |a last modification |c 20120914 10:27:57 |k Rodrigo Vera | ||
| 650 | 0 | |a Hermenéutica |9 269473 | |
| 650 | 0 | |a Escuelas filosóficas |9 266232 | |
| 650 | 0 | |a Fenomenología |9 256519 | |
| 650 | 0 | |a Análisis del discurso |9 256696 | |
| 650 | 0 | |a Ensayos filosóficos |9 318909 | |
| 942 | |c BK |2 ddc | ||
| 945 | |d 20031121 00:00:00 |a cmena | ||
| 952 | |0 0 |1 0 |4 0 |6 121_686000000000000_RIC_2003 |7 0 |8 A |9 371421 |a BIBEDU |b BIBEDU |d 2019-11-21 |i 3970361 |o 121.686 RIC 2003 |p 3970361 |r 2019-11-21 |w 2019-11-21 |y BK |k FIL | ||
| 952 | |0 0 |1 0 |4 0 |6 121_686000000000000_RIC_2003 |7 0 |8 A |9 371422 |a BIBEDU |b BIBEDU |d 2019-11-21 |i 3975010 |l 4 |m 2 |o 121.686 RIC 2003 |p 3975010 |q 2024-08-02 |r 2024-07-03 |s 2024-07-03 |w 2019-11-21 |y BK |k PSI | ||
| 952 | |0 0 |1 0 |4 0 |6 121_686000000000000_RIC_2003 |7 0 |8 A |9 371423 |a BIBHIS |b BIBHIS |d 2019-11-21 |i 4424956 |o 121.686 RIC 2003 |p 4424956 |r 2025-01-20 |w 2019-11-21 |y BK |k HIS | ||
| 952 | |0 0 |1 0 |4 0 |6 121_686000000000000_RIC_2003 |7 0 |8 A |9 371424 |a BIBHIS |b BIBHIS |d 2019-11-21 |i 4667972 |o 121.686 RIC 2003 |p 4667972 |r 2025-01-20 |w 2019-11-21 |y BK |k HIS | ||
| 952 | |0 0 |1 0 |4 0 |6 121_686000000000000_RIC_2003 |7 0 |8 A |9 371425 |a BIBHIS |b BIBHIS |d 2019-11-21 |i 4769392 |o 121.686 RIC 2003 |p 4769392 |r 2025-01-20 |w 2019-11-21 |y BK |k HIS | ||
| 952 | |0 0 |1 0 |4 0 |6 121_686000000000000_RIC_2003 |7 0 |8 A |9 371426 |a BIBGIM |b BIBGIM |d 2019-11-21 |i 4909844 |o 121.686 RIC 2003 |p 4909844 |r 2025-01-15 |w 2019-11-21 |y BK |k SSL | ||
| 952 | |0 0 |1 0 |3 erb |4 0 |6 121_686000000000000_RIC_2003 |7 0 |8 A |9 371427 |a FDOHBE |b FDOHBE |e Huesbe Llanos, Marco Antonio, 1934- |i 5307570 |o 121.686 RIC 2003 |p 5307570 |r 2024-01-30 |w 2019-11-21 |y BK |z Catalogado en:20160708 |k HBE | ||
| 952 | |0 0 |1 0 |3 erb |4 0 |6 121_686000000000000_RIC_2003 |7 0 |8 A |9 371428 |a FDOHBE |b FDOHBE |e Huesbe Llanos, Marco Antonio, 1934- |i 5306256 |o 121.686 RIC 2003 |p 5306256 |r 2024-01-30 |w 2019-11-21 |y BK |z Catalogado en:20160713 |k HBE | ||